Statistics for Countries Bear Grylls has visited

Click here to take the quiz!

General Stats

  • This quiz has been taken 78 times
    (33 since last reset)
  • The average score is 24 of 32

Answer Stats

ContinentCountry% Correct
North AmericaCanada
100%
North AmericaUnited States of America
100%
Asia/ EuropeRussia
97%
EuropeUnited Kingdom
97%
OceaniaAustralia
93%
AsiaChina
90%
North AmericaMexico
90%
OceaniaNew Zealand
90%
EuropeFrance
87%
South AmericaEcuador
80%
Asia/ EuropeTurkey
80%
North AmericaGuatemala
77%
EuropeSpain
77%
North AmericaBelize
73%
North AmericaPanama
73%
AfricaSouth Africa
73%
North AmericaCosta Rica
70%
AsiaIndonesia
70%
EuropeIreland
70%
EuropeNorway
70%
EuropePoland
70%
EuropeIceland
67%
EuropeSwitzerland
67%
AsiaVietnam
67%
North AmericaDominican Republic
63%
OceaniaPapua New Guinea
63%
EuropeRomania
63%
AsiaMalaysia
57%
AfricaZambia
57%
AfricaKenya
50%
AfricaNamibia
50%
AsiaGeorgia
37%

Score Distribution

Percentile by Number Answered

Percent of People with Each Score

Your Score History

You have not taken this quiz since the last reset